Selected Poems of Karamat Ali Karamat/ (Record no. 208902)
[ view plain ]
| 000 -LEADER | |
|---|---|
| fixed length control field | 00592nam a22001817a 4500 |
| 005 - DATE AND TIME OF LATEST TRANSACTION | |
| control field | 20250213153925.0 |
| 010 ## - LCCN (DPL NO) | |
| LC control number | ENG-143686 |
| 020 ## - INTERNATIONAL STANDARD BOOK NUMBER | |
| Terms of availability | 150.00 |
| International Standard Book Number | 9789350730195 |
| 035 ## - SYSTEM CONTROL NUMBER | |
| System control number | EN-127218 |
| 037 ## - SOURCE OF ACQUISITION | |
| Source of stock number/acquisition | DBAD/PUB |
| 082 ## - DEWEY DECIMAL CLASSIFICATION NUMBER | |
| Classification number | 881 |
| Edition number | 1 |
| 100 ## - MAIN ENTRY--PERSONAL NAME | |
| Personal name | Karamat, Karamat Ali |
| 245 ## - TITLE STATEMENT | |
| Title | Selected Poems of Karamat Ali Karamat/ |
| Statement of responsibility, etc | Translated By Jayant Mahapatra |
| 260 ## - PUBLICATION, DISTRIBUTION, ETC. (IMPRINT) | |
| Place of publication, distribution, etc | INIDIA |
| Name of publisher, distributor, etc | Educational Publishing House |
| Date of publication, distribution, etc | 2012 |
| 270 ## - ADDRESS | |
| Address | 3108, Gali Azizuddin Vakil Kucha Pandit, Lal Kuan, |
| City | New Delhi |
| Postal code | 110006 |
| 300 ## - PHYSICAL DESCRIPTION | |
| Extent | 112p; |
| Dimensions | 23CM(pbk) |
| 942 ## - ADDED ENTRY ELEMENTS (KOHA) | |
| Item type | English Books |
| Classification part | 881 |
| Source of classification or shelving scheme | Dewey Decimal Classification |
| Call number suffix | SEL |
| Withdrawn status | Lost status | Not for loan | Collection code | Home library | Current library | Date acquired | Source of acquisition | Cost, normal purchase price | Full call number | Barcode | Copy number | Cost, replacement price | Koha item type |
|---|---|---|---|---|---|---|---|---|---|---|---|---|---|
| Non-fiction | Central Library | Central Library | 12/02/2025 | DBAD | 150.00 | 881 SEL | EN-127218 | 1 | 150.00 | English Books |
